LEADER 01002cam0-2200313---450- 001 990005749100403321 005 20151005142756.0 035 $a000574910 035 $aFED01000574910 035 $a(Aleph)000574910FED01 035 $a000574910 100 $a19990604d1928----km-y1itay50------ba 101 0 $ager 102 $aDE 105 $ay-------001yy 200 1 $a<>Sprachatlas als Forschungsinstrument$ekritische grundlegung und Einführung in den Sprach- und Sachatlas Italiens und der Südschweiz$fK. Jaberg und J. Jud 210 $aHalle$cMax Niemeyer$d1928 215 $a243 p.$d25 cm 610 0 $aSvizzera meridionale$aAtlanti linguistici 610 0 $aItalia$aAtlanti linguistici 676 $a457.003$v22$zita 700 1$aJaberg,$bKarl$f<1877-1958>$0191935 702 1$aJud,$bJakob$f<1882-1952> 801 0$aIT$bUNINA$gREICAT$2UNIMARC 901 $aBK 912 $a990005749100403321 952 $a457.003 JAG 1$bIst.Glott. 271$fFLFBC 959 $aFLFBC 997 $aUNINA LEADER 02277nam 22006494a 450 001 9910780026203321 005 20080321091817.0 010 $a1-283-06180-5 010 $a9786613061805 010 $a0-8223-8021-8 024 7 $a10.1515/9780822380214 035 $a(CKB)111056486755896 035 $a(EBL)1167533 035 $a(SSID)ssj0000253191 035 $a(PQKBManifestationID)11206981 035 $a(PQKBTitleCode)TC0000253191 035 $a(PQKBWorkID)10201389 035 $a(PQKB)10166305 035 $a(OCoLC)191222397 035 $a(MiAaPQ)EBC1167533 035 $a191222397 035 $a(OCoLC)1150992973 035 $a(MdBmJHUP)muse80736 035 $a(DE-B1597)552894 035 $a(DE-B1597)9780822380214 035 $a(EXLCZ)99111056486755896 100 $a20080125d2001 uy 0 101 0 $aeng 135 $aur|n|---||||| 181 $ctxt 182 $cc 183 $acr 200 10$aSubject to colonialism$b[electronic resource] $eAfrican self-fashioning and the colonial library /$fGaurav Desai 210 $aDurham [N.C.] $cDuke University Press$d2001 215 $a1 online resource (209 p.) 300 $aDescription based upon print version of record. 311 $a0-8223-2641-8 311 $a0-8223-2635-3 320 $aIncludes bibliographical references (p. [179]-192) and index. 327 $aIntroduction: Dangerous Supplements -- "Race," Rationality, and the Pedagogical Imperative -- Dangerous Liaisons? Frustrated Radicals, Master Professionals -- Colonial Self-Fashioning and the Production of History. 330 $aThe discursive construction of Africa under colonialism, with an emphasis on the part played by African writers themselves. 410 0$ae-Duke books scholarly collection. 606 $aAnthropology$zAfrica 606 $aAfricans$xEthnic identity 606 $aEthnology$zAfrica$xHistory 607 $aAfrica$xColonial influence 615 0$aAnthropology 615 0$aAfricans$xEthnic identity. 615 0$aEthnology$xHistory. 676 $a301/.096 700 $aDesai$b Gaurav Gajanan$01464574 801 0$bNcD 801 1$bNcD 906 $aBOOK 912 $a9910780026203321 996 $aSubject to colonialism$93790795 997 $aUNINA